The architectural drawing course : (Record no. 352293)
[ view plain ]
| 000 -LEADER | |
|---|---|
| fixed length control field | 00965 a2200265 4500 |
| 003 - CONTROL NUMBER IDENTIFIER | |
| control field | OSt |
| 005 - DATE AND TIME OF LATEST TRANSACTION | |
| control field | 20180116192329.0 |
| 008 - FIXED-LENGTH DATA ELEMENTS--GENERAL INFORMATION | |
| fixed length control field | 120517t xxu||||| |||| 00| 0 eng d |
| 020 ## - INTERNATIONAL STANDARD BOOK NUMBER | |
| International Standard Book Number | 0500287287 (paperback) |
| 020 ## - INTERNATIONAL STANDARD BOOK NUMBER | |
| International Standard Book Number | 9780500287286 (paperback) |
| 040 ## - CATALOGING SOURCE | |
| Transcribing agency | 0 |
| 082 ## - DEWEY DECIMAL CLASSIFICATION NUMBER | |
| Classification number | 720.284 |
| 100 1# - MAIN ENTRY--PERSONAL NAME | |
| Personal name | ZELL, MO. |
| 9 (RLIN) | 1581 |
| 245 14 - TITLE STATEMENT | |
| Title | The architectural drawing course : |
| Remainder of title | understand the principles and master the practices / |
| Statement of responsibility, etc. | MO ZELL. |
| 260 ## - PUBLICATION, DISTRIBUTION, ETC. | |
| Place of publication, distribution, etc. | London |
| Name of publisher, distributor, etc. | THAMES & HUDSON, |
| Date of publication, distribution, etc. | 2008. |
| 300 ## - PHYSICAL DESCRIPTION | |
| Extent | 144 p. ; |
| Other physical details | ill;. |
| Dimensions | 22 cm. |
| 500 ## - GENERAL NOTE | |
| General note | Includes index |
| 650 ## - SUBJECT ADDED ENTRY--TOPICAL TERM | |
| Topical term or geographic name entry element | Architectural drawing |
| 9 (RLIN) | 1582 |
| 650 ## - SUBJECT ADDED ENTRY--TOPICAL TERM | |
| Topical term or geographic name entry element | Architectural design |
| 9 (RLIN) | 1583 |
| 650 ## - SUBJECT ADDED ENTRY--TOPICAL TERM | |
| Topical term or geographic name entry element | Architectural structure |
| 9 (RLIN) | 1584 |
| 856 40 - ELECTRONIC LOCATION AND ACCESS | |
| Materials specified | Amazon.com |
| Uniform Resource Identifier | <a href="http://www.amazon.com/exec/obidos/ASIN/0500287287/chopaconline-20">http://www.amazon.com/exec/obidos/ASIN/0500287287/chopaconline-20</a> |
| 942 ## - ADDED ENTRY ELEMENTS (KOHA) | |
| Institution code [OBSOLETE] | SADA |
| Koha item type | Book |
| Call number prefix | 720.284 ZEL 2008 |
| Source of classification or shelving scheme | |
| Withdrawn status | Lost status | Source of classification or shelving scheme | Damaged status | Not for loan | Permanent Location | Current Location | Date acquired | Total Checkouts | Total Renewals | Full call number | Barcode | Date last seen | Date last checked out | Copy number | Cost, replacement price | Price effective from | Koha item type |
|---|---|---|---|---|---|---|---|---|---|---|---|---|---|---|---|---|---|
| School of Art Design and Architecture (SADA) | School of Art Design and Architecture (SADA) | 12/03/2010 | 16 | 11 | 720.284 ZEL 2008 | SADA0000466 | 05/28/2024 | 05/17/2024 | 01 | 1886.00 | 08/05/2011 | Book | |||||
| School of Art Design and Architecture (SADA) | School of Art Design and Architecture (SADA) | 01/11/2011 | 1 | 2 | 720.284 ZEL 2008 | SADA0000517 | 10/22/2013 | 09/27/2013 | 02 | 08/05/2011 | Book | ||||||
| School of Art Design and Architecture (SADA) | School of Art Design and Architecture (SADA) | 01/11/2011 | 1 | 720.284 ZEL 2008 | SADA0000518 | 03/06/2014 | 01/31/2014 | 03 | 08/05/2011 | Book | |||||||
| School of Art Design and Architecture (SADA) | School of Art Design and Architecture (SADA) | 01/11/2011 | 4 | 2 | 720.284 ZEL 2008 | SADA0000519 | 04/21/2015 | 04/16/2015 | 04 | 08/05/2011 | Book | ||||||
| School of Art Design and Architecture (SADA) | School of Art Design and Architecture (SADA) | 01/11/2011 | 1 | 720.284 ZEL 2008 | SADA0000520 | 11/18/2024 | 11/14/2024 | 05 | 08/05/2011 | Book | |||||||
| School of Art Design and Architecture (SADA) | School of Art Design and Architecture (SADA) | 01/11/2011 | 2 | 2 | 720.284 ZEL 2008 | SADA0000521 | 06/12/2014 | 05/21/2014 | 06 | 08/05/2011 | Book | ||||||
| School of Art Design and Architecture (SADA) | School of Art Design and Architecture (SADA) | 01/11/2011 | 2 | 720.284 ZEL 2008 | SADA0000522 | 03/05/2015 | 03/04/2015 | 07 | 08/05/2011 | Book | |||||||
| School of Art Design and Architecture (SADA) | School of Art Design and Architecture (SADA) | 01/11/2011 | 720.284 ZEL 2008 | SADA0000523 | 08/05/2011 | 08 | 08/05/2011 | Book | |||||||||
| School of Art Design and Architecture (SADA) | School of Art Design and Architecture (SADA) | 01/11/2011 | 720.284 ZEL 2008 | SADA0000524 | 08/05/2011 | 09 | 08/05/2011 | Book | |||||||||
| School of Art Design and Architecture (SADA) | School of Art Design and Architecture (SADA) | 01/11/2011 | 720.284 ZEL 2008 | SADA0000525 | 08/05/2011 | 10 | 08/05/2011 | Book | |||||||||
| School of Art Design and Architecture (SADA) | School of Art Design and Architecture (SADA) | 01/11/2011 | 1 | 720.284 ZEL 2008 | SADA0000526 | 09/20/2011 | 09/15/2011 | 11 | 08/05/2011 | Book |
